000
00288nam a22001337a 4500
008
170303b xxu||||| |||| 00| 0 eng d
020
_a
9780674010093
041
_a
eng
080
_a
575
100
_a
6
101
_a
SHM
245
_a
THE MISUNDERTOOD GENE
_c
MORANGE.M
942
_2
udc
_c
BK
999
_c
6778
_d
6778